Romances : (Record no. 67186)

MARC details
000 -LEADER
campo de control de longitud fija 01303nam a2200265 i 4500
001 - NÚMERO DE CONTROL
campo de control 67186
003 - IDENTIFICADOR DE NÚMERO DE CONTROL
campo de control ES-MaACL
005 - FECHA Y HORA DE LA ÚLTIMA TRANSACCIÓN
campo de control 20251206063031.0
008 - DATOS DE LONGITUD FIJA--INFORMACIÓN GENERAL
campo de control de longitud fija 220107r20181550mx 001 p spa
020 ## - NÚMERO INTERNACIONAL ESTÁNDAR DEL LIBRO
Número Internacional Estándar del Libro 978-84-09-03415-4
080 ## - NÚMERO DE LA CLASIFICACIÓN DECIMAL UNIVERSAL
Número de la Clasificación Decimal Universal 821.134.2-14"15"
100 1# - ENTRADA PRINCIPAL--NOMBRE DE PERSONA
Nombre de persona Sepúlveda, Lorenzo de,
Fechas asociadas al nombre fl. 1551
9 (RLIN) 174014
245 10 - MENCIÓN DEL TÍTULO
Título Romances :
Resto del título nuevamente sacados de historias antiguas de la crónica de España /
Mención de responsabilidad, etc. por Lorenzo de Sepúlveda vecino de Sevilla ; van añadidos muchos nunca vistos compuestos por un caballero Cesario cuyo nombre se guarda para mayores cosas ; edición de Mario Garvin ; [coordina la edición, José J. Labrador Herraiz].
260 ## - PUBLICACIÓN, DISTRIBUCIÓN, ETC.
Lugar de publicación, distribución, etc. México D.F. :
Nombre del editor, distribuidor, etc. Frente de Afirmación Hispanista, A.C.,
Fecha de publicación, distribución, etc. 2018 (
Lugar de fabricación/manufactura Torrejón de Ardoz :
Fabricante Gráf. Dehon)
300 ## - DESCRIPCIÓN FÍSICA
Extensión 209, 277 p. ;
Dimensiones 24 cm.
534 ## - NOTA SOBRE LA VERSIÓN ORIGINAL
Frase introductoria Reprod. de la edición de:
Publicación, distribución, etc. del original En Anvers : En casa de Martin Nucio, 1550.
700 1# - ENTRADA AGREGADA--NOMBRE PERSONAL
Nombre de persona Garvin, Mario.
9 (RLIN) 173996
700 1# - ENTRADA AGREGADA--NOMBRE PERSONAL
Nombre de persona Labrador Herraiz, José J.
9 (RLIN) 69288
710 2# - ENTRADA AGREGADA--NOMBRE DE ENTIDAD CORPORATIVA
Nombre de entidad corporativa o nombre de jurisdicción como elemento de entrada Frente de Afirmación Hispanista, A.C.
9 (RLIN) 159234
852 4# - LOCALIZACIÓN
Ubicación ES-MaACL
Número de control de estantería A-14846
itemnumber 69696
Sublocalización o colección R.152326
Ubicación en estantería Depósito 1
Signatura antigua Olim: N-7846
Donativo/Legado Donación: José J Labrador
903 ## - NOMBRE PERSONAL DE DONANTE
9 69288
a Labrador Herraiz, José J.
e Donante
942 ## - ELEMENTOS DE ENTRADA SECUNDARIOS (KOHA)
Fuente del sistema de clasificación o colocación Clasificación decimal universal
Tipo de ítem Koha Libro impreso
Holdings
Estatus retirado Estado de pérdida Fuente del sistema de clasificación o colocación Estado de daño No para préstamo Biblioteca de origen Biblioteca actual Ubicación en estantería Fecha de adquisición Fuente de adquisición Total de préstamos Signatura topográfica completa Código de barras Visto por última vez Precio de reemplazo Tipo de ítem Koha
    Clasificación decimal universal     Biblioteca del Ateneo de Madrid Biblioteca del Ateneo de Madrid Sala Pecera Depósito 2 07/01/2022 Donación   A-14846 1202800 23/02/2023 23/02/2023 Libro impreso